| Tag |
First Indicator |
Second Indicator |
Subfields |
| LEADER |
00000cam a2200000Ii 4500 |
| 001 |
in00004022921 |
| 005 |
20180712154312.0 |
| 007 |
he bmb024bbca |
| 008 |
090305s1986 dcuabf bb f000 0 eng d |
| 035 |
|
|
|a (OCoLC)ocn312403200
|
| 040 |
|
|
|a SPI
|b eng
|e rda
|c SPI
|d OCLCF
|d OCLCQ
|d TXA
|
| 035 |
|
|
|a (OCoLC)312403200
|
| 043 |
|
|
|a n-us-ar
|
| 050 |
|
4 |
|a GB1399.2
|
| 074 |
|
|
|a 0594-C-04 (MF)
|
| 086 |
0 |
|
|a FEM 1.209:055013
|
| 049 |
|
|
|a TXAM
|
| 245 |
0 |
0 |
|a Flood insurance study.
|p City of Fort Smith, Arkansas, Sebastian County.
|
| 246 |
3 |
0 |
|a City of Fort Smith, Arkansas, Sebastian County
|
| 264 |
|
1 |
|a [Washington, D.C.] :
|b Federal Emergency Management Agency,
|c [1986]
|
| 300 |
|
|
|a iii, 23 pages, 35 folded leaves of plates :
|b illustrations, maps ;
|c 28 cm
|
| 336 |
|
|
|a text
|b txt
|2 rdacontent
|
| 337 |
|
|
|a microform
|b h
|2 rdamedia
|
| 338 |
|
|
|a microfiche
|b he
|2 rdacarrier
|
| 500 |
|
|
|a Title from cover.
|
| 500 |
|
|
|a Location map on cover.
|
| 500 |
|
|
|a "August 19, 1986."
|
| 500 |
|
|
|a "Community number - 055013."
|
| 504 |
|
|
|a Includes bibliographical references (page 23).
|
| 533 |
|
|
|a Microfiche.
|b [Washington, D.C.] :
|c United States Government Printing Office,
|d [1986].
|e 2 microfiches : negative.
|
| 650 |
|
0 |
|a Flood forecasting
|z Arkansas
|z Fort Smith.
|
| 650 |
|
0 |
|a Flood insurance
|z Arkansas
|z Fort Smith.
|
| 650 |
|
0 |
|a Flood insurance
|z Arkansas
|z Sebastian County.
|
| 650 |
|
7 |
|a Flood insurance.
|2 fast
|0 (OCoLC)fst01715819
|
| 651 |
|
7 |
|a Arkansas
|z Sebastian County.
|2 fast
|0 (OCoLC)fst01222677
|
| 655 |
|
7 |
|a Technical reports.
|2 lcgft
|
| 710 |
1 |
|
|a United States.
|b Federal Emergency Management Agency,
|e issuing body.
|
| 776 |
0 |
8 |
|i Print version:
|t Flood insurance study. City of Fort Smith, Arkansas, Sebastian County
|w (OCoLC)13830417
|
| 856 |
4 |
1 |
|z Available online at HathiTrust:
|u http://hdl.handle.net/2027/txa.ark:/81423/m3sq84
|t 0
|
| 994 |
|
|
|a C0
|b TXA
|
| 949 |
|
|
|a updated
|b h
|c 2018/7/12
|e coplinger
|f 3:43:09 pm
|
| 999 |
f |
f |
|s e892526d-bd19-3584-9f85-27496330cca2
|i 30fcf0e3-591a-3fdc-8e5a-219445346484
|t 0
|
| 952 |
f |
f |
|a Texas A&M University
|b College Station
|c Electronic Resources
|d Available Online
|t 0
|e FEM 1.209:055013
|g Electronic
|h Superintendent of Documents classification
|
| 998 |
f |
f |
|a FEM 1.209:055013
|t 0
|l Available Online
|